000 00538nam a22002057a 4500
003 OSt
005 20160203151924.0
008 160203b xxu||||| |||| 00| 0 eng d
020 _a027369586
040 _cDDC
082 _a658BOD 2005.
100 _aBoddy,David;
_96675
245 _aManagement.
_bAn introduction.
250 _a3rd ed
260 _aEngland;
_bFT Prentice Hall.
_c2005
300 _axxi,727p;
_bcol,ill;
_c28cm
504 _aincludes index References and Glossary.
650 _aManagement.
_9364
942 _2ddc
_cSLOAN
999 _c2943
_d2943